000 01524nam0a22003011 4500
001 rc\4771203
005 20260407134808.0
021 _aRU
_b[59-5620]
035 _a(NLR Aleph) 009023310
090 _a9442237
_c9442237
100 _a20130417d1959 |||y0rusy50 ca
101 0 _arus
102 _aRU
105 _aa z |||||
200 1 _aОднослойные и слоистые панели для жилых домов из обсидианперлитобетона и перлитобетона
_eРазработ. в содружестве с ин-том "Теплопроект" и "РосНИИМС"
_fАкад. строительства и архитектуры СССР. Науч.-исслед. ин-т строит. физики и ограждающих конструкций
210 _aМосква
_cБ. и.
_d1959
215 _a7 с.
_cил.
_d22
300 _aСост. указаны на обороте тит. л.: кандидаты техн. наук Н.В. Морозов и Н.Я. Спивак
606 _aПанели бетонные
_2psbo
606 _aБетон легкий
_xЗаполнители
_2psbo
700 1 _aМорозов
_bН.В.
_gНиколай Викторович
_4220
701 1 _aСпивак
_bН.Я.
_gНатан Яковлевич
_4220
712 0 2 _aНИИ строительной физики
_cМосква
_3RU\NLR\AUTH\8810002725
_9502677
801 0 _aRU
_bNLR
_gpsbo
801 1 _aRU
_bELAR
_2rusmarc
852 _aNLR
_j59-6/1296
942 _cBOOK
980 _aNB